| 000 | 00494pab a2200193 454500 | ||
|---|---|---|---|
| 008 | 180718b2000 xxu||||| |||| 00| 0 eng d | ||
| 100 | _aPenn, Helen | ||
| 245 | _aPolicy and practice in child care and nursery education | ||
| 260 | _c2000 | ||
| 300 | _ap.37-54 | ||
| 362 | _aJan | ||
| 650 | _aPreschool children | ||
| 650 | _a Preprimary education | ||
| 650 | _aSchools | ||
| 650 | _aChild welfare | ||
| 650 | _aNursery schools | ||
| 773 | _aJournal of Social Policy | ||
| 909 | _a45447 | ||
| 999 |
_c45447 _d45447 |
||